ដើមម្រំ អាហរធម្មជាតិសំរាប់តំបន់ត្រូពិក (Record no. 10343)

000 -LEADER
fixed length control field 00298nam a22001097a 4500
040 ## - CATALOGING SOURCE
Transcribing agency SK
082 ## - DEWEY DECIMAL CLASSIFICATION NUMBER
Classification number 317
100 ## - MAIN ENTRY--AUTHOR NAME
Personal name LOWELL J.
245 ## - TITLE STATEMENT
Title ដើមម្រំ អាហរធម្មជាតិសំរាប់តំបន់ត្រូពិក
260 ## - PUBLICATION, DISTRIBUTION, ETC. (IMPRINT)
Place of publication NA
Name of publisher LOW
Year of publication 1999
942 ## - ADDED ENTRY ELEMENTS (KOHA)
Koha item type សៀវភៅភាសាអង់គ្លេស
952 ## - LOCATION AND ITEM INFORMATION (KOHA)
Withdrawn status [LOCAL, KOHA] 0
Holdings
Permanent Location Date acquired Koha item type Lost status Shelving location Barcode Current Location Full call number
Library Block C2016-10-18សៀវភៅភាសាអង់គ្លេស C253RUA047854Library Block C317 LOW 1999 C253
មជ្ឈមណ្ឌលឯការនៃសាកលវិទ្យាល័យភូមិន្ទកសិកម្មចំការដូង

Powered by Koha